000 00651nam a22002297a 4500
999 _c323
_d323
001 323
003 BD-JhCC
005 20230202134024.0
008 171003s1993 bg ||||| |||| 00| 0 ben d
020 _a9844950074
035 _a(BD-JhCC) 323
040 _aBD-JhCC
_dBD-JhCC
041 _aben
082 _a891.443
_bAHM 1993
100 _aআহমেদ, হুমায়ূন
245 _aজল জোছনা /
_cহুমায়ূন আহমেদ
260 _aঢাকা :
_bপার্ল পাবলিকেশন,
_c1993
300 _a77 p. :
_c22cm
650 _aBengali Novel
942 _2ddc
_cBK
_019